| 000 | 00781nam a2200265Ia 4500 | ||
|---|---|---|---|
| 001 | Z_13 | ||
| 003 | CHAP | ||
| 005 | 20220920192948.0 | ||
| 008 | 220113s1980 xx 000 0 und d | ||
| 010 | _a162979 | ||
| 040 | _cCHAP | ||
| 090 | _aFolleto 59 | ||
| 100 |
_aSitjar Rousserie, Gabriel _9106784 |
||
| 245 |
_aSubsector carne y derivados / _cGabriel Sitjar Rousserie, Carlos Paulino Franco, y Maite Guijarro Arrillaga |
||
| 260 |
_aMéxico, D. F. : _bSAM, _c1980 |
||
| 300 | _a64 h. | ||
| 650 |
_aCarne _xIndustria _xMéxico _919083 |
||
| 650 |
_aCarne _xSubproductos _919111 |
||
| 700 |
_aI. Paulino Franco, Carlos II. Guijarro Arrillaga, Maite _9137192 |
||
| 901 | _aFOLLETO 59 | ||
| 902 | _aM | ||
| 910 | _a1980 | ||
| 942 |
_cFOLL _2local |
||
| 942 |
_cFOLL _2local |
||
| 999 |
_c162979 _d162979 |
||